Music Quiz

Random Music or Album Quiz

OutKast songs Quiz Stats

Quiz not verified by Sporcle

Challenge
Share
Tweet
Embed
Score 0/141 Timer 12:00
0 Plays Today
Album Song Title % Correct
The Love BelowHey Ya!
86.6%
StankoniaMs. Jackson
85.1%
Stankonia?
81.9%
ATLiensATLiens
79.3%
The Love BelowRoses
77.6%
AqueminiRosa Parks
75.3%
AqueminiAquemini
73.6%
StankoniaB.O.B.
72.7%
SpeakerboxxxThe Way You Move
71%
StankoniaSo Fresh, So Clean
68.7%
The Love BelowThe Love Below (Intro)
68.4%
SouthernplayalisticadillacmuzikSouthernplayalisticadillacmuzik
67.6%
ATLiensElevators (Me & You)
67.6%
ATLiensElevators (Me & You) [ONP 86 Remix]
67.6%
AqueminiDa Art of Storytellin' (Part 1)
65.5%
AqueminiDa Art of Storytellin' (Part 2)
65.5%
SouthernplayalisticadillacmuzikPlayer's Ball (Original Version)
64.2%
SouthernplayalisticadillacmuzikPlayer's Ball (Reprise)
64%
StankoniaIntro
58.2%
SpeakerboxxxIntro
58.2%
IdlewildIntro
58.2%
Big Boi and Dre Present...OutKastIntro
58.2%
AqueminiSkew It on the Bar-B
57.1%
StankoniaStankonia (Stanklove)
55%
Big Boi and Dre Present...OutKastThe Whole World
54.8%
StankoniaGasoline Dreams
52.5%
AqueminiReturn of the 'G'
51.4%
SpeakerboxxxGhettoMusick
51.2%
ATLiensJazzy Belle
50.3%
AqueminiSpottieOttieDopaliscious
50.1%
ATLiensTwo Dope Boyz (In a Cadillac)
49%
AqueminiSynthesizer
49%
SouthernplayalisticadillacmuzikGit Up, Git Out
48%
AqueminiLiberation
47.8%
AqueminiChonkyfire
47.8%
The Love BelowPrototype
45.6%
ATLiensWheelz of Steel
45%
AqueminiMamacita
44.3%
SouthernplayalisticadillacmuzikCrumblin' Erb
42.4%
ATLiensBabylon
40.5%
StankoniaSpaghetti Junction
40.3%
AqueminiWest Savannah
39.2%
StankoniaRed Velvet
38.6%
The Love BelowHappy Valentine's Day
38.4%
SouthernplayalisticadillacmuzikHootie Hoo
38.2%
StankoniaHumble Mumble
38.2%
IdlewildMorris Brown
38.2%
Album Song Title % Correct
SouthernplayalisticadillacmuzikPeaches
38%
IdlewildPeaches
38%
SouthernplayalisticadillacmuzikAin't No Thang
37.7%
The Love BelowShe Lives in My Lap
37.7%
AqueminiSlump
36.7%
ATLiensMainstream
36.2%
StankoniaSnappin' & Trappin'
36.2%
SouthernplayalisticadillacmuzikMyintrotoletuknow
36%
StankoniaToilet Tisha
36%
StankoniaI'll Call Before I Come
35.8%
SpeakerboxxxBowtie
35.6%
SpeakerboxxxBowtie (Postlude)
35.6%
The Love BelowDracula's Wedding
35.6%
SpeakerboxxxChurch
35.4%
AqueminiHold On, Be Strong
35%
AqueminiNathaniel
35%
ATLiens13th Floor/Growing Old
34.8%
SpeakerboxxxThe Rooster
33.9%
The Love BelowPink & Blue
33.5%
ATLiensYou May Die (Intro)
33.3%
ATLiensE.T. (Extraterrestrial)
33%
SpeakerboxxxFlip Flop Rock
33%
The Love BelowSpread
32.2%
IdlewildHollywood Divorce
32%
AqueminiY'All Scared
31.8%
StankoniaGangsta ****
31.8%
ATLiensDecatur Psalm
31.3%
ATLiensOva Da Wudz
30.7%
StankoniaXplosion
30.5%
StankoniaWe Luv Deez Hoez
30.1%
The Love BelowWhere Are My Panties? (Skit)
29.9%
SouthernplayalisticadillacmuzikCall of da Wild
29.4%
SpeakerboxxxWar
29%
IdlewildMighty 'O'
28.8%
SpeakerboxxxUnhappy
27.1%
SpeakerboxxxLast Call
27.1%
ATLiensWailin'
26.9%
IdlewildIdlewild Blue (Don'tchu Worry 'Bout Me)
26.9%
SpeakerboxxxTomb of the Boom
26.7%
StankoniaI'm Cool (Interlude)
26.4%
The Love BelowTake Off Your Cool
26.4%
The Love BelowLove Hater
26.2%
ATLiensMillennium
26%
SouthernplayalisticadillacmuzikFunky Ride
25.8%
SouthernplayalisticadillacmuzikD.E.E.P.
25.6%
StankoniaSlum Beautiful
25.6%
SpeakerboxxxBamboo (Interlude)
25.6%
Album Song Title % Correct
SpeakerboxxxInterlude
25.4%
The Love BelowBehold a Lady
25.4%
The Love BelowA Day in the Life of Benjamin Andre (Incomplete)
25.4%
The Love BelowVibrate
24.9%
The Love BelowGod (Interlude)
23.5%
StankoniaKim & Cookie (Interlude)
23.2%
SouthernplayalisticadillacmuzikWelcome to Atlanta (Interlude)
22%
StankoniaCruisin' in the ATL (Interlude)
22%
The Love BelowMy Favorite Things
21.5%
SouthernplayalisticadillacmuzikClaimin' True
21.3%
The Love BelowGood Day, Good Sir
19.6%
The Love BelowShe's Alive
19.4%
Big Boi and Dre Present...OutKastFunkin' Around
18.8%
StankoniaDrinkin' Again (Interlude)
18.6%
SpeakerboxxxBust
18.6%
SpeakerboxxxReset
18.3%
SouthernplayalisticadillacmuzikFlim Flam (Interlude)
17.9%
SouthernplayalisticadillacmuzikClub Donkey Ass (Interlude)
17.5%
IdlewildThe Train
16.8%
SpeakerboxxxKnowing
16.6%
StankoniaD.F. (Interlude)
15.4%
StankoniaPre-Nump (Interlude)
15.4%
Big Boi and Dre Present...OutKastMovin' Cool (The After Party)
15.4%
StankoniaGood Hair (Interlude)
15.1%
IdlewildN2U
14.5%
The Love BelowLove in War
13%
IdlewildChronomentrophobia
13%
IdlewildPJ & Rooster
12.8%
SpeakerboxxxD-Boi (Interlude)
12.6%
The Love BelowThe Letter (Skit)
12.4%
IdlewildA Bad Note
11.9%
SpeakerboxxxE-Mac (Interlude)
11.7%
SouthernplayalisticadillacmuzikTrue Dat (Interlude)
11.3%
IdlewildCall the Law
11.3%
IdlewildIn Your Dreams
10.4%
IdlewildBamboo & Cross (Interlude)
9.6%
IdlewildGreatest Show on Earth
9%
IdlewildBuggface
8.5%
IdlewildMakes No Sense at All
8.5%
IdlewildZora (Interlude)
7.9%
IdlewildMutron Angel
7.5%
IdlewildLife Is Like a Musical
7.2%
IdlewildInfatuation (Interlude)
6.6%
IdlewildNo Bootleg DVDs (Interlude)
6.2%
IdlewildWhen I Look in Your Eyes
5.8%
IdlewildDyin' to Live
5.8%
IdlewildYou're Beautiful (Interlude)
4.5%

You're not logged in!

Compare scores with friends on all Sporcle quizzes.
Sign Up with Email
OR
Log In

You Might Also Like...

Show Comments

Extras

Top Quizzes Today


Score Distribution

Your Account Isn't Verified!

In order to create a playlist on Sporcle, you need to verify the email address you used during registration. Go to your Sporcle Settings to finish the process.